| 000 | 00375nam a2200145Ia 4500 | ||
|---|---|---|---|
| 008 | 231217s9999 xx 000 0 und d | ||
| 041 | _aEnglish | ||
| 082 | _a577 LAI;1 R | ||
| 100 | _aLaithwaite, Eric | ||
| 245 | 0 | _aInventor in the garden of Eden | |
| 260 |
_c1994 _bFoundation Books _aNew Delhi |
||
| 300 | _axiii+289 | ||
| 650 | _aInventor,garden,Eden | ||
| 942 | _cAA | ||
| 999 |
_c171790 _d171790 |
||